00710cam a22002297a 4500003000500000005001700005008004100022010001000063011001000073035001000083040000900093082002000102110000800122245018700130260002600317300002000343650002500363650002300388650001400411650002600425700002900451CHAP20220817043733.0001205d1993 it a rn 00110 spa d a83076 a84048 a94567 cCHAP04a632.693233bF372 aFAO10aRoedores plaga :bun problema permanente en América Latina y El Caribe : primera consulta latinoamericana sobre biología y control de roedores plagac/por Jaime A. Rodríguez M. a[s.l.] :bFAO,c1993. a130 p. :bilus.14aAgriculturaxPlagas.14aControl de plagas.14aRoedores.14aRoedoresxExterminio.0 aRodríguez M., Jaime A.